000 00523nam a2200181Ia 4500
001 5011
005 20260306145837.0
008 260306t2007||||xx |||||||||||||| ||spa||
041 _aESP
082 _a332.6
_bV26
100 _aRayo Cantón, Salvador (ed.)
_eAUT
245 0 _aValoración de proyectos de inversión con opciones reales:
_bfundamentos matemáticos, financieros y evidencia empírica
260 _c2007
300 _a466 páginas :
_c22 cm.
650 _aGEN
654 _aCAN
942 _cLIB
_dJUS
_fJUS
_2ddc
_n
999 _c5011
_d5011